Statistics for Sex and the City Quiz

Click here to take the quiz!

General Stats

  • This quiz has been taken 1,806 times
  • The average score is 13 of 18

Answer Stats

Hint Answer % Correct
The narrator of each episode.Carrie Bradshaw
99%
The nickname for the narrator's husband.Mr. Big
99%
The narrator's friend who works in public relations.Samantha Jones
97%
The narrator's lawyer friend.Miranda Hobbes
96%
The narrator's close friend who converts to Judaism.Charlotte York Goldenblatt
95%
This man's real name.John James Preston
87%
The bar owner who marries the lawyer friend.Steve Brady
84%
The narrator's furniture designer boyfriend.Aidan Shaw
72%
The waiter who gets attention for his nude role in an off-Broadway play.Smith Jerrod
66%
The divorce lawyer who had a habit of leaving his teabags lying around.Harry Goldenblatt
66%
The narrator's gay best friend.Stanford Blatch
64%
The lawyer's housekeeper and nanny.Magda
64%
The doctor who had a very close relationship with his mother, Bunny.Trey MacDougal
63%
The man who broke up with the narrator by Post-It note.Jack Berger
61%
The man whom the narrator visited in Paris.Aleksandr Petrovsky
59%
The hotel magnate who cheats on the public relations agent.Richard Wright
58%
This man's real name.Jerry Jerrod
44%
The artist who had a brief lesbian affair with the public relations agent.Maria Diega Reyes
37%

Score Distribution

Percentile by Number Answered

Percent of People with Each Score

Your Score History

You have not taken this quiz